Директива № 00148/оп командования 1-го Украинского фронта командующему 60-й армией о развитии наступательной операции в целях ра...

RUSMARC
00005506cbm0a2200337#x 450
001c97ad9e8-2965-4bec-9c7a-1d8b06ad0bfe
00520250410131412.0
100##$a20250410j19450320k###0rusy50 ca
1010#$arus
102##$aDE
1220#$ad19450320##
2001#$aДиректива № 00148/оп командования 1-го Украинского фронта командующему 60-й армией о развитии наступательной операции в целях разгрома Ратиборской группировки противника
$j20 марта 1945 г.
251##$cДокумент
300##$aКопия
461#0$12001
$aФ. 302
$1251
$cФонд
$1852
$j302
462#0$12001
$aОп. 4196
$1251
$cОпись
$1852
$j4196
462#0$12001
$aД. 113
$vЛ. 43-44
$1251
$cДело
$1852
$j113
60102$2nlr_sh
$3RU\NLR\AUTH\6601548633
$aУкраинский фронт
$c1; 1943 - 1945
$jДокументы и материалы
605##$2prlib_sh
$3LIBNET\UAF\0000088514
$aВторая мировая война в архивных документах (Комплекс оцифрованных архивных документов, кино- и фотоматериалов)
$lколлекция
605##$2acquisition_Prlib
$3DITM\AF\0000002775
$aВласть
$lколлекция
605##$2acquisition_Prlib
$3DITM\AF\0000003834
$aНарод
$lколлекция
6061#$2nlr_sh
$3RU\NLR\AUTH\66181432
$aКенигсбергская операция
$z1945
$jДокументы и материалы
6061#$2nlr_sh
$3RU\NLR\AUTH\661520861
$aВеликая Отечественная война
$z1941 - 1945
$zТретий период
$z1944 – 1945
$jДокументы и материалы
6061#$2prlib_sh
$3LIBNET\UAF\0000116641
$aВерхнесилезская операция
$z1945
$jДокументы и материалы
686##$a63.3(2)622,13ю1
$2rubbk
$vLBC/M
686##$a63.3(0)62,1ю1
$2rubbk
$vLBC/M
801#0$aRU
$bПБ им. Б.Н. Ельцина
$c20250410
801#1$aRU
$bПБ им. Б.Н. Ельцина
$c20250410
$2rusmarc
801#2$aRU
$bПБ им. Б.Н. Ельцина
$c20250410
$2rusmarc
850##$aЦентральный архив Министерства обороны Российской Федерации
852##$aЦА МО РФ
$jЛ. 43-44
035##$aLIBNET\0001467279
937##$d196598931
$hФедеральное архивное агентство
8564#$uhttp://readingroom.main.prlib.ru/item.aspx?id_node=n196598931&mode=full
Формат отображения